ശ്രീരാമകൃഷ്ണ പരമഹംസർ (Record no. 178291)

MARC details
000 -LEADER
fixed length control field 00714nam a22002057a 4500
003 - CONTROL NUMBER IDENTIFIER
control field dpl
005 - DATE AND TIME OF LATEST TRANSACTION
control field 20210324145633.0
008 - FIXED-LENGTH DATA ELEMENTS--GENERAL INFORMATION
fixed length control field 210324b ||||| |||| 00| 0 eng d
010 ## - LIBRARY OF CONGRESS CONTROL NUMBER
LC control number MAL-9254
020 ## - INTERNATIONAL STANDARD BOOK NUMBER
International Standard Book Number 978-81-8267-659-6
Terms of availability 150.00
035 ## - SYSTEM CONTROL NUMBER
System control number MA-8711
040 ## - CATALOGING SOURCE
Transcribing agency DBAD BOOKS
082 ## - DEWEY DECIMAL CLASSIFICATION NUMBER
Classification number 920
Item number MUL
100 ## - MAIN ENTRY--PERSONAL NAME
Personal name മുള്ളർ മാക്സ്
245 ## - TITLE STATEMENT
Title ശ്രീരാമകൃഷ്ണ പരമഹംസർ
Statement of responsibility, etc കെ.പി. സുമതി
260 ## - PUBLICATION, DISTRIBUTION, ETC. (IMPRINT)
Place of publication, distribution, etc K.P.Kesavamenon road, kozhikode, keralam, India
Name of publisher, distributor, etc The Mathrubhumi Printing & Publishing Co. Ltd
Date of publication, distribution, etc 2018
270 ## - ADDRESS
Address MM Press,Cherootty, road
City kozhikode
State or province keralam
Country India
Postal code 673001
300 ## - PHYSICAL DESCRIPTION
Extent 144p
Dimensions 21cm
942 ## - ADDED ENTRY ELEMENTS (KOHA)
Source of classification or shelving scheme Dewey Decimal Classification
Koha item type Malayalam Bks
Call number suffix MUL-920
Holdings
Withdrawn status Lost status Source of classification or shelving scheme Damaged status Not for loan Collection code Home library Current library Date acquired Source of acquisition Cost, normal purchase price Total Checkouts Full call number Barcode Date last seen Copy number Cost, replacement price Price effective from Koha item type
    Dewey Decimal Classification   Not For Loan Non-fiction D.B.Act.Division D.B.Act.Division 24/03/2021 DBAD/PUB 150.00   MUL-920 MA-8711 24/03/2021 1 150.00 24/03/2021 Malayalam Bks

© Delhi Public Library
Hit Counter
free hit counter